000
00307nam a2200121Ia 4500
008
190216s9999||||xx |||||||||||||| ||und||
100
_a
Ramalingam And Raghupalan
245
0
_a
Laboratory Course In Electronics
260
_b
Oxford & I B H
_c
1979
300
_a
243p
650
_a
Physics
942
_c
BK
999
_c
32942
_d
32942